00350nam a2200121Ia 4500008004100000020002200041041000800063082002500071100001600096245005600112260005100168300000900219230411s9999 xx 000 0 und d a978-81-948693-3-7 aeng aB/612.015/LAL/B09613 aLal Harbans aEssentials of Biochemistry for BSc Nursing Students bCBS Publishers & DistributorsaNew Delhic2022 a323p